Top 10 Città più popolose Provincia di Pavia - Statistics

Statistiche generali
  • Questo quiz è stato fatto 35 volte
  • Il punteggio medio è 6 su 10
Statistiche sulle risposte
Popolazione 8ab.) Città % Corretto
68 280 Pavia
100%
38 174 Voghera
92%
60 109 Vigevano
88%
15 156 Mortara
73%
11 639 Stradella
62%
9 073 Broni
54%
9 791 Garlasco
54%
9 779 Gambolò
19%
8 480 Casorate Primo
15%
6 940 Cassolnovo
12%
Nessun quiz corrispondente trovato
Distribuzione punteggi
Percentuale di utenti per punteggio
Percentile per numero di risposta
I tuoi punteggi nel tempo
Non hai fatto questo quiz